Interactive application for visualization and analysis of somatic mutations

Salvato in:
Dettagli Bibliografici
Autore principale: Novotná, Natália (Autore)
Altri autori: Kováč, Michal (Relatore della tesi)
Natura: Manoscritto Libro
Lingua:slovacco
inglese
Pubblicazione: 2025
Soggetti:
Accesso online:http://is.stuba.sk/zp/portal_zp.pl?podrobnosti=175339
Tags: Aggiungi Tag
Nessun Tag, puoi essere il primo ad aggiungerne!!

MARC

LEADER 00000ntm a22000003a 4500
001 stuzp102820
003 SK-STU
005 20250614211459.2
007 ta
008 150427s2015----xo-----f-mn---000-0-slo-d
040 |a STU  |b slo 
041 0 |a eng 
100 1 |a Novotná, Natália  |u 070200  |4 aut  |U FIIT Fakulta informatiky a informačných technológií  |T FIIT Ústav informatiky, informačných systémov a softvérového inžinierstva  |X 120860  |U I200  |Y 179  |7 120860 
242 0 1 |a Interaktívna aplikácia na vizualizáciu a analýzu somatických mutácií  |y slo 
245 1 0 |a Interactive application for visualization and analysis of somatic mutations 
260 |c 2025 
650 4 |a Variant Call Format (VCF)  |2 eng 
650 4 |a FASTQC  |2 eng 
650 4 |a QUALIMAP  |2 eng 
650 4 |a Shiny  |2 eng 
650 4 |a Genomic research  |2 eng 
650 4 |a FASTQC  |2 slo 
650 4 |a Variant Call Format (VCF)  |2 slo 
650 4 |a Shiny  |2 slo 
650 4 |a Genomický výskum  |2 slo 
650 4 |a QUALIMAP  |2 slo 
700 1 |a Kováč, Michal  |u 070200  |k Z1  |4 ths  |U FIIT Fakulta informatiky a informačných technológií  |T FIIT Ústav informatiky, informačných systémov a softvérového inžinierstva  |X 110756  |U I200  |Y 179  |7 110756 
856 4 |u http://is.stuba.sk/zp/portal_zp.pl?podrobnosti=175339